00790nam a22001935i 4500001000700000003000900007005001700016008004100033040001800074100002800092245015100120260005600271300002200327650002900349710003200378852005900410852006900469852005800538164636ES-MaACL20250812045125.0970609s1871 sp |||| | spa d aAR bspa cAR1 aSancho y Gil, Faustino.13aEl Renacimiento b: lecciones pronunciadas en el Ateneo Mercantil de Madrid / cpor Faustino Sancho y Gil ; (publicadas por aquella Asociación). aMadrid : b[s.n.], c1871 (fImp. de E. de la Riva) a277 p. ; c20 cm.07aArte renacentista2embne2 aAteneo Mercantil de Madrid. aES-MaACLjD-802 z-- Rust. z.- Legado M. de la Fuente aES-MaACLjT-193-F-5 z-- Enc. hol. z-- Enc. en un vol. facticio aES-MaACLjD-4706(5) z.- Encuadernado con otras obras